000 00612cab a2200217 4500
001 X702
008 090401t1993 xxu||||| |||| 00| 0 eng d
035 _a(Sirsi) u67114
041 _aeng
245 _aAgricultural holdings
260 _c1993
350 _a0
490 _aCS Monthly : Rural Practice
_v2(8) May 1993, 10(1)
520 _a"Hammond v Allen and others" QBD 10 July 1992, (1993) 08 EG 122
650 _aAGRICULTUTRAL HOLDINGS
650 _aFIXED EQUIPMENT MODEL CLAUSES
650 _aREPAIRS
690 _aLANDLORD AND TENANT-AGRICULTURAL TENANCIES
942 _n0
948 _c04/03/1997
999 _c41988
_d41988